000
00321nam a2200133Ia 4500
008
230917s9999||||xx |||||||||||||| ||und||
040
_e
137806
_a
MAIN
041
_a
English
082
_a
658.8 I2M
245
0
_a
Marketing communication: workbook
260
_a
Hyderabad
_b
ICFAI
_c
2004
300
_a
299p p.
942
_c
BK
999
_c
147825
_d
147825